000 00726cam a2200229u 4500
001 25754
003 BD-RjUL
005 20211209050925.0
008 140319s1966 enk 000 0aeng
035 _a(BD-RjUL)25824
040 _aDLC
_cCarP
_dDLC
_beng
041 _aeng
082 _a954.084
_bNEP 1966
100 1 _aNehru, Jawaharlal,
_d1889-1964.
_979104
245 1 4 _aThe philosophy of Mr. Nehru: as revealed in a series of intimate talks with R. K. Karanjia /
_cJawaharlal Nehru
260 _aLondon :
_bAllen & Unwin,
_c1966.
300 _a3-162 p. :
_bfront. ;
_c23 cm.
700 1 _aKaranjia, R. K.
_q(Rustom Khurshedji),
_d1912-2008.
_979105
942 _2ddc
_cBK
999 _c25754
_d25754